00834 a2200193 4500010001500000020002600015035001400041037000900055082001100064100002300075245009800098260003100196270015000227300002500377700003500402942003000437999001900467952015400486 aENG-141451 a9789389991192c650.00 aEN-124983 bDBAD14a34524 aAvtar Singh9705551 aIntroduction to the Law of Torts and Consumer Protection/cby Avtar Singh [and] Harpreet Kaur aHaryanabLexis Nexisc2020 a14th Floor, Building No 10, Tower-B, DLF Cyber City, Phase II, GurgaonbHaryanae122002k+91-124-4774444k+91-124-4774100mhelp.in@lexisnexis.com alxx,366p.:c24cm(Pb) aKaur, Harpreet 970554eAuhtor adplcEN2ddch345mAVTe4 c205287d205287 001040708NFICaBL4bBL4d2024-08-23eDelivery of Books Act Divisiong650.00l0o345 AVTpEN-124983r2024-08-23 00:00:00t1v650.00w2024-08-23yEN